Architecture without architects : (Record no. 20757)
[ view plain ]
| 000 -LEADER | |
|---|---|
| fixed length control field | 01171cam a22003015a 4500 |
| 001 - CONTROL NUMBER | |
| control field | 532357 |
| 003 - CONTROL NUMBER IDENTIFIER | |
| control field | EG-ScBUE |
| 005 - DATE AND TIME OF LATEST TRANSACTION | |
| control field | 20221013104745.0 |
| 008 - FIXED-LENGTH DATA ELEMENTS--GENERAL INFORMATION | |
| fixed length control field | 870408t1969 nmua f b s000 0 eng d |
| 020 ## - INTERNATIONAL STANDARD BOOK NUMBER | |
| International Standard Book Number | 0826310044 (pbk.) |
| 020 ## - INTERNATIONAL STANDARD BOOK NUMBER | |
| International Standard Book Number | 9780826310040 |
| 040 ## - CATALOGING SOURCE | |
| Original cataloging agency | DLC |
| Language of cataloging | eng |
| Description conventions | rda |
| Transcribing agency | DLC |
| Modifying agency | DLC |
| -- | EG-ScBUE |
| 082 04 - DEWEY DECIMAL CLASSIFICATION NUMBER | |
| Classification number | 720.9 |
| Edition number | 22 |
| Item number | RUD |
| 100 1# - MAIN ENTRY--PERSONAL NAME | |
| Personal name | Rudofsky, Bernard, |
| Dates associated with a name | 1905- |
| Relator term | author. |
| 245 10 - TITLE STATEMENT | |
| Title | Architecture without architects : |
| Remainder of title | a short introduction to non-pedigreed architecture / |
| Statement of responsibility, etc | Bernard Rudofsky. |
| 264 #1 - PUBLICATION, DISTRIBUTION, ETC. (IMPRINT) | |
| Place of publication, distribution, etc | Albuquerque : |
| Name of publisher, distributor, etc | University of New Mexico Press, |
| Date of publication, distribution, etc | [1969] |
| 264 #4 - PUBLICATION, DISTRIBUTION, ETC. (IMPRINT) | |
| Date of publication, distribution, etc | c1969 |
| 300 ## - PHYSICAL DESCRIPTION | |
| Extent | 157 pages : |
| Other physical details | illustrations ; |
| Dimensions | 24 cm |
| 500 ## - GENERAL NOTE | |
| General note | The book accompanying an exhibition held at the Museum of Modern Art, Nov. 9, 1964-Feb. 7, 1965. |
| 500 ## - GENERAL NOTE | |
| General note | Reprint. Originally published: New York : Museum of Modern Art, 1964. |
| 504 ## - BIBLIOGRAPHY, ETC. NOTE | |
| Bibliography, etc | Includes bibliographical references. |
| 650 #7 - SUBJECT ADDED ENTRY--TOPICAL TERM | |
| Topical term or geographic name as entry element | Vernacular architecture |
| General subdivision | Exhibitions. |
| Source of heading or term | BUEsh |
| 650 #7 - SUBJECT ADDED ENTRY--TOPICAL TERM | |
| Topical term or geographic name as entry element | Architecture, Primitive |
| General subdivision | Exhibitions. |
| Source of heading or term | BUEsh |
| 653 ## - INDEX TERM--UNCONTROLLED | |
| Resource For college | Engineering, Architecture |
| Arrived date list | August2015 |
| -- | December2015 |
| 655 ## - INDEX TERM--GENRE/FORM | |
| Form subdivision | Reading book |
| 710 2# - ADDED ENTRY--CORPORATE NAME | |
| Corporate name or jurisdiction name as entry element | Museum of Modern Art (New York, N.Y.) |
| 942 ## - ADDED ENTRY ELEMENTS (KOHA) | |
| Source of classification or shelving scheme | Dewey Decimal Classification |
| Koha item type | Book - Borrowing |
| Withdrawn status | Lost status | Source of classification or shelving scheme | Damaged status | Not for loan | Collection code | Home library | Current library | Shelving location | Date acquired | Source of acquisition | Cost, normal purchase price | Serial Enumeration / chronology | Total Checkouts | Full call number | Barcode | Date last seen | Date checked out | Cost, replacement price | Koha item type |
|---|---|---|---|---|---|---|---|---|---|---|---|---|---|---|---|---|---|---|---|
| Dewey Decimal Classification | Baccah | Central Library | Central Library | Second Floor | 31/08/2015 | Purchase | 250.00 | 23317 | 1 | 720.9 RUD | 000039742 | 15/07/2025 | 06/11/2016 | 313.00 | Book - Borrowing |